000
00273nam a22000977a 4500
008
240405b |||||||| |||| 00| 0 eng d
020
_a
9781472389794
100
_a
Parragon
_9
6945
245
_a
The Great Book of Everything
260
_a
New Delhi
_b
Parragon Publishing India
_c
2016
999
_c
12565
_d
12565